000 006360000a22001930004500
090 _aAR
_b02594
245 1 0 _aDinophysis taylorii, sp.nov. y otros Dinophysis de Baja California, México (<Dinophyceae>)
650 1 4 _aDinoflagelados
_996097
650 1 4 _aDistribución
_992865
650 1 4 _aEstructura
_95933
650 1 4 _aNuevas especies
_992905
651 4 _dBaja California
_pMéxico
_992749
653 _gDinophysis
_eDinophysis taylori
653 _gDiniphysis sp
041 0 _aInglés
100 1 _aHernández Becerril, David U.
_996099
942 _cARTICULO
773 1 _tRevista de Biología Tropical
_3129
_h1
_q101-109
_d1992
_g40
999 _c11658
_d11658